000 00479nam a22001577a 4500
999 _c529357
_d529357
020 _qHard Cover.
082 _a005
100 _aAhmed, Waqas
245 _aForensics analysis of windows 8.1 physical memory /
_cWaqas Ahmed.
260 _aIslamabad:
_bMCS - NUST,
_c2016.
300 _a107 p.: ill.;
_c30cm.
942 _2ddc
_cTHE
650 _aInformation Security MS-Thesis.
_916348
700 _aDr. Baber Aslam
_916377